000 01094cas a22002897a 4500
005 20220329142126.0
008 990825d1978 cu fr pernn 0 uub1spa d
010 _a78846
011 _a79818
035 _a90230
245 0 0 _aCiencia y Técnica en la Agricultura :
_bMecanización de la Agricultura
_c/por Centro de Infomación y Divulgación Agropecuario
260 0 _aLa Habana, Cuba :
_bCentro de Infomación y Divulgación Agropecuario,
_c1978- .
300 _av.
310 _aSemestral
362 _av.4 n.1, 1981
500 _aContiene resúmenes en inglés
500 _aSe dejó de recibir a partir del v.4 n.1, 1981
590 _aBATCH-UPD
_b10
_c20130110
_lUCH01
_h0333
590 _aBATCH-UPD
_b10
_c20130410
_lUCH01
_h0007
590 _aBATCH-UPD
_b10
_c20130913
_lUCH01
_h2129
590 _aCONVERSION
_b10
_c20130109
_lUCH01
_h1344
650 1 4 _aAgricultura
_zCuba
_xPublicaciones periódicas.
_91920
650 1 4 _aMecanización agrícola
_xPublicaciones periódicas.
_973803
866 _av.2 n.1-v.4 n.1 (1979-1981)
901 _aSE
905 _aMa. del Socorro Iturbe C.
999 _c78846
_d78846